| 000 | 01483cam a2200253 a 4500 | ||
|---|---|---|---|
| 001 | 000012375 | ||
| 005 | 20200929163020.0 | ||
| 008 | 970430s1996 ag b 000 0 spa d | ||
| 010 | _a97145998 | ||
| 020 | _a9509431486 | ||
| 035 | _a(OCoLC)36835970 | ||
| 040 |
_aDO-SdBNP _cFU _dDLC |
||
| 042 | _alccopycat | ||
| 043 | _acl----- | ||
| 050 | 0 | 0 |
_aHD7130.5 _b.S437 1996 |
| 245 | 0 | 3 |
_aLa Seguridad social en America Latina : _bseis experiencias diferentes / _cCIEDLA. |
| 260 |
_aBuenos Aires, Republica Argentina : _bKonrad-Adenauer-Stiftung, CIEDLA ; _aBonn, Republica Federal de Alemania : _bKonrad-Adenauer-Stiftung, _cc1996. |
||
| 300 |
_a489 p. ; _c21 cm. |
||
| 504 | _aIncludes bibliographical references. | ||
| 505 | 0 | _aSistemas de seguridad social en America Latina : sintesis de estudios nacionales / Theresa Durnbeck -- La seguridad social y la pobreza en Cuba / Carmelo Mesa-Lago -- La seguridad social en Costa Rica / Carlos Vargas Pagan y Patricia Cardenas -- El sistema de seguridad social en Colombia / Maria Teresa Forero de Saade -- Seguridad social y pobreza en Peru : una aproximacion / Francisco Verdera V. -- El regimen de seguridad social en Paraguay / Jorge Luis Schreiner Marengo -- La reforma del sistema de prestaciones sociales en Venezuela / Gustavo Marquez. | |
| 650 | 0 |
_aSocial security _zLatin America. _929074 |
|
| 710 | 2 |
_aCentro Interdisciplinario de Estudios sobre el Desarrollo Latinoamericano. _929075 |
|
| 910 | _aCatalogación por copia / LC | ||
| 999 |
_c12032 _d12032 |
||